Técnicas de investigación operativa

में बचाया:
ग्रंथसूची विवरण
मुख्य लेखकों: García Cabañes, Javier (लेखक), Fernández Martínez, Luis (लेखक), Tejera del Pozo, Pablo (लेखक)
स्वरूप: पुस्तक
भाषा:स्पेनिश
प्रकाशित: Madrid Paraninfo 1990
विषय:
टैग: टैग जोड़ें
कोई टैग नहीं, इस रिकॉर्ड को टैग करने वाले पहले व्यक्ति बनें!

MARC

LEADER 00000nam a2200000 a 4500
001 UCV6854
003 CL-VaPUC
008 920603e19900000SP |||||||||||||||||spa|d
082 0 4 |a 001.424  |b GAR  |2 21 
100 0 |a García Cabañes, Javier  |e author  |9 300862 
700 0 |a Fernández Martínez, Luis  |e author  |9 300863 
700 0 |a Tejera del Pozo, Pablo  |e author  |9 300864 
245 1 0 |a Técnicas de investigación operativa 
246 1 0 |a Investigación operativa 
300 |a 397 p 
942 |c BK 
945 |d 19920603 00:00:00 
260 |a Madrid  |b Paraninfo  |c 1990 
650 0 |a Investigación operativa  |9 259383 
583 |a last modification  |c 20180306 01:39:25  |k Rodrigo Vera 
999 |c 212690  |d 212688 
952 |0 0  |1 0  |4 0  |6 001_424000000000000_GAR_1990  |7 0  |8 A  |9 194124  |a BIBING  |b BIBING  |d 2019-11-14  |i 2622769  |o 001.424 GAR 1990  |p 2622769  |r 2024-01-25  |w 2019-11-14  |y BK  |k EII